Cuentos fantásticos
Saved in:
| Hovedforfatter: | |
|---|---|
| Format: | Bog |
| Sprog: | spansk |
| Udgivet: |
Barcelona
Libreria Castells
1900
|
| Serier: | Biblioteca de Autores Ilustres
|
| Fag: | |
| Tags: |
Tilføj Tag
Ingen Tags, Vær først til at tagge denne postø!
|
MARC
| LEADER | 00000nam a2200000 a 4500 | ||
|---|---|---|---|
| 001 | UCZ0935 | ||
| 003 | CL-VaPUC | ||
| 008 | 950810e19000000SP |||||||||||||||||spa|d | ||
| 082 | 0 | 4 | |a 833 |b HOF |2 21 |
| 100 | |a Hoffmann, Ernst Theodor Amadeus |e author |9 406398 | ||
| 245 | 1 | 0 | |a Cuentos fantásticos |
| 246 | 1 | 3 | |a La casa desierta |
| 246 | 1 | 3 | |a El viejo comediante |
| 246 | 1 | 0 | |a Don Giovanni |
| 246 | 1 | 3 | |a La visión |
| 300 | |a 112 p | ||
| 942 | |c BK | ||
| 945 | |d 19950810 00:00:00 |a rbrito | ||
| 260 | |a Barcelona |b Libreria Castells |c 1900 | ||
| 650 | 7 | |a CUENTOS ALEMANES |2 CL-VaPUC |9 269122 | |
| 583 | |a last modification |c 19950810 00:00:00 |k Rodrigo Vera | ||
| 490 | 0 | |a Biblioteca de Autores Ilustres | |
| 999 | |c 237800 |d 237798 | ||
| 952 | |0 0 |1 0 |4 0 |6 833_000000000000000_HOF_1900 |7 0 |8 P |9 247499 |a BIBEDU |b BIBEDU |c BIBEDU_PB |d 2019-11-18 |i 3108066 |o 833 HOF 1900 |p 3108066 |r 2024-01-25 |w 2019-11-18 |y BK |k LIT | ||